[Event "Gibraltar ChallWk1 11th "]
[Site "Gibraltar"]
[Date "2013.01.23"]
[Round "3.24"]
[White "Suez-Panama, Gilles"]
[Black "Vinas Guerrero, Carlos A"]
[Result "1/2-1/2"]
[WhiteElo "1989"]
[BlackElo "2167"]
[PlyCount "133"]
[EventDate "2013.01.21"]
[EventType "swiss"]
[EventRounds "5"]
[EventCountry "GGB"]
[SourceTitle "BritBase"]
[Source "www.saund.co.uk"]
[SourceDate "2018.02.10"]
[SourceVersion "1"]
[SourceVersionDate "2018.02.10"]
[SourceQuality "1"]

1. d4 f5 2. Nf3 Nf6 3. g3 g6 4. c3 Bg7 5. Qb3 d5 6. Bg2 O-O 7. Bf4 c6 8. Nbd2
e6 9. h4 Nbd7 10. Ng5 Re8 11. Ndf3 h6 12. Nh3 Ne4 13. Ne5 Nxe5 14. Bxe5 Bxe5
15. dxe5 Qc7 16. Nf4 Kg7 17. Nd3 c5 18. Bxe4 c4 19. Qb5 Bd7 20. Qc5 Qb8 21. f4
fxe4 22. Nf2 Qd8 23. Ng4 Qb6 24. Qxb6 axb6 25. Nf6 Re7 26. g4 Be8 27. Kd2 Bf7
28. a3 Rh8 29. Rag1 Rc7 30. Ke3 Kf8 31. h5 g5 32. f5 Kg7 33. Kd4 Rd8 34. Rh2
Rc5 35. Rf2 Rb5 36. e3 Rc5 37. Rgf1 Rc7 38. Ra1 Rc5 39. Ra2 Rc7 40. Rf1 Rc6 41.
a4 exf5 42. gxf5 Rxf6 43. exf6+ Kxf6 44. a5 bxa5 45. Rxa5 Bxh5 46. Rh1 Bf7 47.
Rxh6+ Kxf5 48. Rb5 Rd7 49. Rbb6 Kg4 50. Rh7 Kg3 51. Rf6 Be6 52. Rxd7 Bxd7 53.
Kxd5 Bc6+ 54. Ke5 g4 55. Rf7 b5 56. Rf6 Ba8 57. Ra6 Bb7 58. Rb6 Ba8 59. Rb8 Bc6
60. Rb6 Ba8 61. Rxb5 Kf3 62. Kd4 g3 63. Rf5+ Ke2 64. Rg5 Kf3 65. Rf5+ Ke2 66.
Rg5 Kf3 67. Rf5+ 1/2-1/2

[Event "Gibraltar ChallWk1 11th "]
[Site "Gibraltar"]
[Date "2013.01.23"]
[Round "3.25"]
[White "Munoz Jorva, Miguel Angel"]
[Black "Kandic, Milan"]
[Result "0-1"]
[WhiteElo "1916"]
[BlackElo "2090"]
[PlyCount "91"]
[EventDate "2013.01.21"]
[EventType "swiss"]
[EventRounds "5"]
[EventCountry "GGB"]
[SourceTitle "BritBase"]
[Source "www.saund.co.uk"]
[SourceDate "2018.02.10"]
[SourceVersion "1"]
[SourceVersionDate "2018.02.10"]
[SourceQuality "1"]

1. d4 Nf6 2. c4 g6 3. Nc3 Bg7 4. e4 O-O 5. Bd3 d6 6. f4 e5 7. fxe5 dxe5 8. d5
Nh5 9. Nf3 f5 10. Bg5 Qe8 11. Qd2 Na6 12. Bh6 Nc5 13. Bc2 Nf4 14. Bxg7 Kxg7 15.
O-O-O fxe4 16. Nxe4 Nxe4 17. Bxe4 Bg4 18. Rhf1 Qe7 19. g3 Nh5 20. Rde1 Bxf3 21.
Bxf3 Nf6 22. Bg2 Rae8 23. Rd1 b6 24. d6 cxd6 25. Qxd6 Qxd6 26. Rxd6 e4 27. Re1
Re7 28. h3 e3 29. Rd3 Rfe8 30. Bc6 Rc8 31. Bb5 Re5 32. a4 a6 33. Bxa6 Rce8 34.
Bb5 R8e7 35. b4 Nh5 36. g4 Nf4 37. Rd6 e2 38. Bc6 Re3 39. Kd2 Rxh3 40. Rd7
Rxd7+ 41. Bxd7 Rd3+ 42. Kc2 Rxd7 43. a5 bxa5 44. bxa5 Ra7 45. Kd2 Rxa5 46. Ke3
0-1

[Event "Gibraltar ChallWk1 11th "]
[Site "Gibraltar"]
[Date "2013.01.23"]
[Round "3.27"]
[White "Hamer, Martyn"]
[Black "Gravett, Alan D"]
[Result "1-0"]
[WhiteElo "2025"]
[BlackElo "1869"]
[PlyCount "87"]
[EventDate "2013.01.21"]
[EventType "swiss"]
[EventRounds "5"]
[EventCountry "GGB"]
[SourceTitle "BritBase"]
[Source "www.saund.co.uk"]
[SourceDate "2018.02.10"]
[SourceVersion "1"]
[SourceVersionDate "2018.02.10"]
[SourceQuality "1"]

1. Nf3 Nf6 2. c4 c5 3. Nc3 Nc6 4. d4 cxd4 5. Nxd4 g6 6. e4 Bg7 7. Be3 O-O 8.
Be2 d6 9. f3 a6 10. Qd2 Bd7 11. O-O Rc8 12. Rac1 Nxd4 13. Bxd4 Be6 14. Nd5 Bxd5
15. cxd5 Nd7 16. Be3 b5 17. Rxc8 Qxc8 18. Rc1 Qb7 19. b3 Rc8 20. Rc2 Nc5 21. b4
Na4 22. Qc1 Rxc2 23. Qxc2 Kf8 24. Qc6 Qxc6 25. dxc6 Ke8 26. Bd1 Kd8 27. Bxa4
bxa4 28. Bb6+ Kc8 29. Kf2 Bc3 30. Ba5 Bd4+ 31. Ke2 Ba7 32. Kd3 Bb8 33. Kc4 Bc7
34. Bxc7 Kxc7 35. b5 axb5+ 36. Kxb5 a3 37. g3 f6 38. Kb4 Kxc6 39. Kxa3 Kc5 40.
Kb3 Kb5 41. f4 e6 42. f5 exf5 43. exf5 g5 44. Kc3 1-0

[Event "Gibraltar ChallWk1 11th "]
[Site "Gibraltar"]
[Date "2013.01.23"]
[Round "3.29"]
[White "Nwachukwu, Chino"]
[Black "Storey, Charles H"]
[Result "0-1"]
[WhiteElo "1962"]
[BlackElo "2245"]
[PlyCount "70"]
[EventDate "2013.01.21"]
[EventType "swiss"]
[EventRounds "5"]
[EventCountry "GGB"]
[SourceTitle "BritBase"]
[Source "www.saund.co.uk"]
[SourceDate "2018.02.10"]
[SourceVersion "1"]
[SourceVersionDate "2018.02.10"]
[SourceQuality "1"]

1. e4 Nc6 2. d4 e5 3. d5 Nce7 4. Nc3 Ng6 5. Bd3 Nf6 6. h4 h5 7. Bg5 Be7 8. Nge2
Ng4 9. Qd2 Nxh4 10. Bxe7 Qxe7 11. Rg1 Qc5 12. Ng3 a6 13. d6 c6 14. O-O-O Qxf2
15. Nce2 Qe3 16. Rdf1 Rh6 17. Rh1 g5 18. Rxh4 gxh4 19. Nf5 Qxd2+ 20. Kxd2 Rf6
21. Rh1 Nh6 22. Ng7+ Kf8 23. Nxh5 Rxd6 24. Rxh4 Rg6 25. g3 d6 26. Rh1 Bg4 27.
Ke3 Ke7 28. Ng7 Rh8 29. Nf5+ Nxf5+ 30. exf5 Rxh1 31. fxg6 f5 32. Nc3 Kf6 33.
Na4 Rh2 34. c4 Kxg6 35. a3 d5 0-1

[Event "Gibraltar ChallWk1 11th "]
[Site "Gibraltar"]
[Date "2013.01.23"]
[Round "3.30"]
[White "Georgieva, Emilia"]
[Black "Sevillano Garcia, Joaquin"]
[Result "0-1"]
[WhiteElo "1949"]
[BlackElo "1983"]
[PlyCount "88"]
[EventDate "2013.01.21"]
[EventType "swiss"]
[EventRounds "5"]
[EventCountry "GGB"]
[SourceTitle "BritBase"]
[Source "www.saund.co.uk"]
[SourceDate "2018.02.10"]
[SourceVersion "1"]
[SourceVersionDate "2018.02.10"]
[SourceQuality "1"]

1. d4 e6 2. Nf3 f5 3. g3 b6 4. Bg2 Bb7 5. O-O Nf6 6. b3 Be7 7. Bb2 O-O 8. e3
Qe8 9. Nbd2 Qh5 10. Ne5 Bxg2 11. Qxh5 Nxh5 12. Kxg2 d6 13. Nd3 Nd7 14. Nf4
Nxf4+ 15. exf4 Bf6 16. Rae1 Rfe8 17. Re2 Kf7 18. Rfe1 b5 19. c4 b4 20. Nf3 h6
21. h3 a5 22. g4 g6 23. g5 Bg7 24. gxh6 Bxh6 25. Ng5+ Bxg5 26. fxg5 Re7 27. f4
c6 28. d5 cxd5 29. cxd5 e5 30. fxe5 dxe5 31. Rc1 e4 32. Kg3 Ne5 33. d6 Ree8 34.
Bxe5 Rxe5 35. Rc7+ Ke6 36. Rg7 Kxd6 37. Rxg6+ Re6 38. Rxe6+ Kxe6 39. Rc2 Rd8
40. Kf4 Rd3 41. Rc6+ Kd5 42. g6 Rf3+ 43. Kg5 Kxc6 44. g7 Rg3+ 0-1

[Event "Gibraltar ChallWk1 11th "]
[Site "Gibraltar"]
[Date "2013.01.23"]
[Round "3.31"]
[White "Campos Calvo-Sotelo, Juan"]
[Black "Lochte, Szilvia"]
[Result "1/2-1/2"]
[WhiteElo "1978"]
[BlackElo "1923"]
[PlyCount "74"]
[EventDate "2013.01.21"]
[EventType "swiss"]
[EventRounds "5"]
[EventCountry "GGB"]
[SourceTitle "BritBase"]
[Source "www.saund.co.uk"]
[SourceDate "2018.02.10"]
[SourceVersion "1"]
[SourceVersionDate "2018.02.10"]
[SourceQuality "1"]

1. b4 e5 2. a3 d5 3. e3 Nf6 4. c4 d4 5. c5 Be7 6. Nf3 Qd5 7. h3 O-O 8. Bb2 Nc6
9. Qc1 Be6 10. Ng5 Ne4 11. Nxe6 Qxe6 12. Bc4 Qg6 13. O-O Kh8 14. d3 Ng5 15. Kh2
f5 16. f4 dxe3 17. Qxe3 exf4 18. Qxf4 Bf6 19. Bxf6 Qxf6 20. Nd2 Ne5 21. Rae1
Nxc4 22. Nxc4 Ne6 23. Qe5 Qxe5+ 24. Rxe5 Nd4 25. Re7 Rac8 26. Rfe1 Kg8 27. Rd7
Nc6 28. b5 Nb8 29. Rde7 Rf7 30. a4 Rxe7 31. Rxe7 Kf8 32. Re5 g6 33. Re3 Rd8 34.
Kg1 Rd4 35. a5 Nd7 36. b6 cxb6 37. cxb6 axb6 1/2-1/2

[Event "Gibraltar ChallWk1 11th "]
[Site "Gibraltar"]
[Date "2013.01.23"]
[Round "3.32"]
[White "Hermes, Geoff R"]
[Black "Longdin, Michael"]
[Result "1-0"]
[WhiteElo "1968"]
[BlackElo "1787"]
[PlyCount "53"]
[EventDate "2013.01.21"]
[EventType "swiss"]
[EventRounds "5"]
[EventCountry "GGB"]
[SourceTitle "BritBase"]
[Source "www.saund.co.uk"]
[SourceDate "2018.02.10"]
[SourceVersion "1"]
[SourceVersionDate "2018.02.10"]
[SourceQuality "1"]

1. e4 c5 2. c3 g6 3. d4 cxd4 4. cxd4 Nc6 5. Nf3 d6 6. Nc3 Bg7 7. Be3 Nf6 8. h3
O-O 9. Qd2 Re8 10. Bh6 Bh8 11. Be2 a6 12. O-O b5 13. Bd3 b4 14. Ne2 Rb8 15.
Rac1 Na7 16. Qc2 Nb5 17. Qb3 Nc7 18. Ng5 Ne6 19. f4 d5 20. e5 Ne4 21. Nxe4 dxe4
22. Bc4 Qb6 23. Kh1 Bd7 24. f5 gxf5 25. Rxf5 Bg7 26. Qg3 Kf8 27. Bxe6 1-0

[Event "Gibraltar ChallWk1 11th "]
[Site "Gibraltar"]
[Date "2013.01.23"]
[Round "3.33"]
[White "Haddock, Paul"]
[Black "Brown, David"]
[Result "1-0"]
[WhiteElo "1674"]
[BlackElo "1967"]
[PlyCount "69"]
[EventDate "2013.01.21"]
[EventType "swiss"]
[EventRounds "5"]
[EventCountry "GGB"]
[SourceTitle "BritBase"]
[Source "www.saund.co.uk"]
[SourceDate "2018.02.10"]
[SourceVersion "1"]
[SourceVersionDate "2018.02.10"]
[SourceQuality "1"]

1. e4 e5 2. Nf3 Nc6 3. Bc4 Bc5 4. c3 Nf6 5. d3 d6 6. b4 Bb6 7. a4 a6 8. a5 Ba7
9. O-O O-O 10. Qe2 Ne7 11. Be3 Ng6 12. Bxa7 Rxa7 13. g3 Ra8 14. Rd1 Qe7 15. Bb3
h6 16. Nbd2 Bg4 17. Nf1 Be6 18. Bc2 c6 19. d4 Rad8 20. Ne3 Nh7 21. d5 cxd5 22.
Nxd5 Qe8 23. Rd2 f5 24. Nc7 Nf4 25. gxf4 Qg6+ 26. Kh1 fxe4 27. Bxe4 Bf5 28. Rg1
Qh5 29. Nd5 Kh8 30. Bxf5 Rxf5 31. Ne7 Rf6 32. Nxe5 Qxe2 33. N5g6+ Rxg6 34.
Nxg6+ Kg8 35. Rxe2 1-0

[Event "Gibraltar ChallWk1 11th "]
[Site "Gibraltar"]
[Date "2013.01.24"]
[Round "4.1"]
[White "Sanchez Castillo, Sarai"]
[Black "Jaunooby, Ali R"]
[Result "1-0"]
[WhiteElo "2212"]
[BlackElo "2178"]
[PlyCount "157"]
[EventDate "2013.01.21"]
[EventType "swiss"]
[EventRounds "5"]
[EventCountry "GGB"]
[SourceTitle "BritBase"]
[Source "www.saund.co.uk"]
[SourceDate "2018.02.10"]
[SourceVersion "1"]
[SourceVersionDate "2018.02.10"]
[SourceQuality "1"]

1. e4 e5 2. Bc4 Nf6 3. d3 Bc5 4. Nf3 Nc6 5. c3 Bb6 6. O-O d6 7. h3 h6 8. b4 O-O
9. Bb3 Be6 10. Bc2 Re8 11. a3 a5 12. b5 Ne7 13. d4 Ng6 14. a4 c6 15. bxc6 bxc6
16. Na3 Qc7 17. Be3 Rad8 18. Rb1 Ba7 19. dxe5 dxe5 20. Qe2 Nf4 21. Qa6 Bxe3 22.
fxe3 Ra8 23. Qb6 Ne2+ 24. Kf2 Qxb6 25. Rxb6 Nxc3 26. Rxc6 Nfxe4+ 27. Kg1 Bd5
28. Rc7 Rab8 29. Kh2 Rb2 30. Bd3 Nd2 31. Rxc3 Nxf3+ 32. Kh1 Nd2 33. Rg1 Ne4 34.
Bxe4 Bxe4 35. Nc4 Ra2 36. Nd6 Rd8 37. Nxe4 Rxa4 38. Nc5 Ra2 39. Rd3 Rc8 40. Ne4
Rcc2 41. Ng3 g6 42. Rd5 f6 43. Rd7 Rd2 44. Ra7 f5 45. Rb1 Rab2 46. Rxb2 Rxb2
47. Rxa5 Rb3 48. Rxe5 f4 49. Nf1 fxe3 50. Nxe3 Kg7 51. Kh2 h5 52. Nf1 Rb1 53.
Ng3 Kf6 54. Ra5 Re1 55. Ra6+ Kg5 56. Ra2 h4 57. Ne2 Rf1 58. Ra4 Rf2 59. Rg4+
Kh6 60. Rxh4+ Kg7 61. Ng1 g5 62. Rg4 Kf6 63. Nf3 Kf5 64. Nxg5 Ra2 65. Nf3 Rb2
66. Rc4 Ra2 67. h4 Rb2 68. Kg3 Ra2 69. Rc5+ Kg6 70. Kh3 Ra3 71. h5+ Kh6 72. Kh4
Rb3 73. Rc6+ Kg7 74. Ng5 Rb2 75. h6+ Kf8 76. h7 Kg7 77. Rc7+ Kg6 78. h8=Q Rb4+
79. Kh3 1-0

[Event "Gibraltar ChallWk1 11th "]
[Site "Gibraltar"]
[Date "2013.01.24"]
[Round "4.2"]
[White "Sanchez Botella, Luis Javier"]
[Black "O'Toole, George E"]
[Result "1-0"]
[WhiteElo "2196"]
[BlackElo "2204"]
[PlyCount "83"]
[EventDate "2013.01.21"]
[EventType "swiss"]
[EventRounds "5"]
[EventCountry "GGB"]
[SourceTitle "BritBase"]
[Source "www.saund.co.uk"]
[SourceDate "2018.02.10"]
[SourceVersion "1"]
[SourceVersionDate "2018.02.10"]
[SourceQuality "1"]

1. Nf3 Nf6 2. c4 e6 3. Nc3 d5 4. d4 Be7 5. Bg5 h6 6. Bh4 O-O 7. e3 a6 8. a3
Nbd7 9. Qc2 c5 10. dxc5 Nxc5 11. Rd1 Qc7 12. Bxf6 Bxf6 13. cxd5 Qa5 14. Nd4 e5
15. Nb3 Nxb3 16. Qxb3 Bf5 17. Be2 e4 18. O-O Rfd8 19. d6 b5 20. Qd5 Be6 21.
Qxe4 Bxc3 22. bxc3 Ra7 23. Qb4 Qxb4 24. cxb4 Rad7 25. Bf3 Bb3 26. Rd4 Rxd6 27.
Rxd6 Rxd6 28. Rc1 Bc4 29. Rd1 Rb6 30. Rd8+ Kh7 31. Be4+ g6 32. h4 Kg7 33. Ra8
f5 34. Ra7+ Kf6 35. Bb7 Be6 36. Bxa6 g5 37. hxg5+ hxg5 38. Bb7 g4 39. Kh2 Rd6
40. Ra6 Ke5 41. Rxd6 Kxd6 42. Kg3 1-0

[Event "Gibraltar ChallWk1 11th "]
[Site "Gibraltar"]
[Date "2013.01.24"]
[Round "4.3"]
[White "Pinho, Paulo"]
[Black "Dolzhikova, Olga"]
[Result "0-1"]
[WhiteElo "2128"]
[BlackElo "2239"]
[PlyCount "60"]
[EventDate "2013.01.21"]
[EventType "swiss"]
[EventRounds "5"]
[EventCountry "GGB"]
[SourceTitle "BritBase"]
[Source "www.saund.co.uk"]
[SourceDate "2018.02.10"]
[SourceVersion "1"]
[SourceVersionDate "2018.02.10"]
[SourceQuality "1"]

1. d4 Nf6 2. c4 e6 3. Nf3 Bb4+ 4. Nc3 b6 5. Bg5 Bb7 6. e3 h6 7. Bh4 g5 8. Bg3
Ne4 9. Qc2 Bxc3+ 10. bxc3 d6 11. Bd3 f5 12. d5 Qf6 13. Nd4 Nc5 14. O-O Nba6 15.
dxe6 Nxd3 16. Qxd3 O-O 17. f3 Nc5 18. Qc2 Nxe6 19. Rad1 Qg6 20. Rfe1 Nc5 21.
Nb5 Rf7 22. Rd2 Raf8 23. Red1 g4 24. Nxc7 gxf3 25. Rxd6 Qh5 26. Nd5 fxg2 27.
Be5 Ne4 28. Nf4 Ng5 29. R6d5 Bxd5 30. cxd5 Qg4 0-1

[Event "Gibraltar ChallWk1 11th "]
[Site "Gibraltar"]
[Date "2013.01.24"]
[Round "4.4"]
[White "Zygouris, Hristos"]
[Black "Kvisla, Johannes Luangtep"]
[Result "1-0"]
[WhiteElo "2218"]
[BlackElo "2148"]
[PlyCount "79"]
[EventDate "2013.01.21"]
[EventType "swiss"]
[EventRounds "5"]
[EventCountry "GGB"]
[SourceTitle "BritBase"]
[Source "www.saund.co.uk"]
[SourceDate "2018.02.10"]
[SourceVersion "1"]
[SourceVersionDate "2018.02.10"]
[SourceQuality "1"]

1. Nf3 d5 2. c4 c6 3. e3 Nf6 4. Nc3 e6 5. b3 Nbd7 6. Qc2 Bd6 7. Bb2 O-O 8. Be2
Qe7 9. O-O Re8 10. d4 dxc4 11. bxc4 e5 12. d5 Nf8 13. e4 Ng6 14. g3 Bh3 15.
Rfe1 Rac8 16. Qd3 Red8 17. Bf1 Bd7 18. a4 a5 19. Nd2 Ng4 20. h3 Nh6 21. Bg2 f6
22. Nb3 b6 23. dxc6 Bxc6 24. Nd5 Qb7 25. Bc3 Qa6 26. Bf1 Bb4 27. Bxb4 axb4 28.
Qd2 Nf7 29. Qxb4 Qb7 30. Nxb6 Rb8 31. a5 Ng5 32. Nc5 Qe7 33. Bg2 f5 34. Na6
Qxb4 35. Nxb4 Bxe4 36. Bxe4 fxe4 37. Nc6 Nf3+ 38. Kf1 Nxe1 39. Kxe1 Ne7 40.
Nxe7+ 1-0

[Event "Gibraltar ChallWk1 11th "]
[Site "Gibraltar"]
[Date "2013.01.24"]
[Round "4.5"]
[White "Onabogun, Kolade"]
[Black "Urbina Perez, Juan Antonio"]
[Result "1/2-1/2"]
[WhiteElo "1978"]
[BlackElo "2214"]
[PlyCount "122"]
[EventDate "2013.01.21"]
[EventType "swiss"]
[EventRounds "5"]
[EventCountry "GGB"]
[SourceTitle "BritBase"]
[Source "www.saund.co.uk"]
[SourceDate "2018.02.10"]
[SourceVersion "1"]
[SourceVersionDate "2018.02.10"]
[SourceQuality "1"]

1. e4 e5 2. Nf3 Nc6 3. Bb5 a6 4. Ba4 Nge7 5. d4 exd4 6. Nxd4 Nxd4 7. Qxd4 b5 8.
Bb3 d6 9. Qd3 Ng6 10. O-O Be7 11. f4 O-O 12. Nc3 c6 13. Ne2 Qc7 14. Ng3 c5 15.
Bd5 c4 16. Qd1 Bb7 17. Be3 Rad8 18. Nh5 Bxd5 19. Qxd5 Rfe8 20. Rf3 Bf8 21. Rg3
Kh8 22. Bd4 Rc8 23. Re1 f6 24. Rh3 Ne7 25. Nxf6 gxf6 26. Qf7 Bg7 27. Bxf6 Nf5
28. Qg6 Bxf6 29. Qxf6+ Ng7 30. f5 Rf8 31. Qh6 Nxf5 32. exf5 Rxf5 33. Rhe3 Rcf8
34. h3 Qc5 35. Kh2 R5f6 36. Qh4 d5 37. Re7 Qd6+ 38. R1e5 R8f7 39. Re8+ Rf8 40.
Qg3 Rf5 41. Rxf5 Qxg3+ 42. Kxg3 Rxe8 43. Rxd5 Re2 44. b3 Rxc2 45. bxc4 Rxc4 46.
Rd6 Ra4 47. Rd2 Ra3+ 48. Kh4 Kg7 49. Kg5 Rg3+ 50. Kf4 Ra3 51. Kg5 b4 52. h4
Rg3+ 53. Kf4 Rg6 54. Rd7+ Kg8 55. g4 Rb6 56. g5 Rb5 57. h5 h6 58. Rd8+ Kg7 59.
Rd7+ Kg8 60. Rd8+ Kg7 61. Rd7+ Kg8 1/2-1/2

[Event "Gibraltar ChallWk1 11th "]
[Site "Gibraltar"]
[Date "2013.01.24"]
[Round "4.6"]
[White "Scharrer, Patrick"]
[Black "Severijnen, Arjon"]
[Result "1-0"]
[WhiteElo "2248"]
[BlackElo "2138"]
[PlyCount "111"]
[EventDate "2013.01.21"]
[EventType "swiss"]
[EventRounds "5"]
[EventCountry "GGB"]
[SourceTitle "BritBase"]
[Source "www.saund.co.uk"]
[SourceDate "2018.02.10"]
[SourceVersion "1"]
[SourceVersionDate "2018.02.10"]
[SourceQuality "1"]

1. e4 c5 2. Nf3 e6 3. d3 g6 4. g3 Bg7 5. Bg2 b6 6. O-O Bb7 7. Re1 Ne7 8. c3 O-O
9. d4 d6 10. Na3 h6 11. dxc5 dxc5 12. Nb5 Qd7 13. Qxd7 Nxd7 14. a4 Rfd8 15. a5
Bc6 16. Nd6 Nc8 17. Bf4 Nxd6 18. Bxd6 b5 19. Rad1 Bf8 20. e5 Bd5 21. Bxf8 Nxf8
22. Nd2 Rab8 23. Ne4 Bxe4 24. Bxe4 b4 25. c4 Kg7 26. f4 g5 27. Kf2 Ng6 28. Ke3
f6 29. exf6+ Kxf6 30. fxg5+ hxg5 31. Rf1+ Kg7 32. Bxg6 Kxg6 33. Ke4 Rh8 34. Rf2
Rbd8 35. Rxd8 Rxd8 36. Ke5 Rd4 37. b3 Rd3 38. Kxe6 Rxb3 39. Kd5 Ra3 40. Kxc5 b3
41. Kb4 Ra2 42. Rf1 b2 43. Rb1 Kf5 44. Kb5 g4 45. c5 Ke6 46. Kc6 Ke7 47. Re1+
Kd8 48. Rd1+ Kc8 49. Rf1 Kd8 50. Rf8+ Ke7 51. Rb8 Ke6 52. Rb3 Ke7 53. Kb7 Rxa5
54. c6 Rc5 55. Rxb2 a5 56. c7 1-0

[Event "Gibraltar ChallWk1 11th "]
[Site "Gibraltar"]
[Date "2013.01.24"]
[Round "4.7"]
[White "Nikolaidis, Konstantinos"]
[Black "Kozarcanin, Sead"]
[Result "1-0"]
[WhiteElo "2233"]
[BlackElo "2090"]
[PlyCount "79"]
[EventDate "2013.01.21"]
[EventType "swiss"]
[EventRounds "5"]
[EventCountry "GGB"]
[SourceTitle "BritBase"]
[Source "www.saund.co.uk"]
[SourceDate "2018.02.10"]
[SourceVersion "1"]
[SourceVersionDate "2018.02.10"]
[SourceQuality "1"]

1. e4 e5 2. Nf3 Nc6 3. Bb5 a6 4. Ba4 d6 5. O-O g6 6. Bxc6+ bxc6 7. d4 exd4 8.
Qxd4 f6 9. c4 c5 10. Qd3 Bg7 11. Nc3 Ne7 12. Bf4 Be6 13. Rad1 O-O 14. b3 Re8
15. h3 Qc8 16. Rfe1 Qb7 17. Nh2 Rad8 18. Ng4 Qc8 19. Ne3 h5 20. Ncd5 Nc6 21.
Bg3 Kh7 22. f4 Nd4 23. Bh4 Bxd5 24. Nxd5 Re6 25. e5 dxe5 26. fxe5 c6 27. Nf4
Ne2+ 28. Qxe2 Rxd1 29. Qxd1 Rxe5 30. Rxe5 fxe5 31. Nxh5 gxh5 32. Qxh5+ Kg8 33.
Qg6 Qf8 34. Bf2 Qf4 35. Qxc6 Qc1+ 36. Kh2 Qf4+ 37. Bg3 Qe3 38. Qxa6 e4 39. Qe6+
Kh7 40. Qf5+ 1-0

[Event "Gibraltar ChallWk1 11th "]
[Site "Gibraltar"]
[Date "2013.01.24"]
[Round "4.8"]
[White "Wiedersich, Jens"]
[Black "Vea, Odin Blikra"]
[Result "1/2-1/2"]
[WhiteElo "2120"]
[BlackElo "2233"]
[PlyCount "87"]
[EventDate "2013.01.21"]
[EventType "swiss"]
[EventRounds "5"]
[EventCountry "GGB"]
[SourceTitle "BritBase"]
[Source "www.saund.co.uk"]
[SourceDate "2018.02.10"]
[SourceVersion "1"]
[SourceVersionDate "2018.02.10"]
[SourceQuality "1"]

1. d4 c5 2. e4 cxd4 3. c3 g6 4. cxd4 d5 5. e5 Nc6 6. Bb5 a6 7. Bxc6+ bxc6 8.
Nc3 Nh6 9. Nge2 Nf5 10. O-O Bg7 11. Na4 O-O 12. Bd2 a5 13. Nc5 Ba6 14. Nxa6
Rxa6 15. Bc3 f6 16. exf6 Bxf6 17. Nf4 Qd6 18. g3 Raa8 19. Re1 Nxd4 20. Bxd4 e5
21. Bc5 Qxc5 22. Ne6 Qa7 23. Nxf8 Rxf8 24. Qg4 Qf7 25. Re2 e4 26. Rc1 Bd4 27.
Rxc6 Bxf2+ 28. Kg2 Kh8 29. Rc8 Qf3+ 30. Qxf3 exf3+ 31. Kxf2 Rxc8 32. Kxf3 Kg7
33. Rd2 Rc5 34. Ke3 Kf6 35. Kd4 Rb5 36. Re2 h5 37. h3 a4 38. Kc3 Kf5 39. Kd4 h4
40. gxh4 Kf4 41. Rg2 Kf5 42. Rg5+ Kf6 43. Rg2 Kf5 44. Rg5+ 1/2-1/2

[Event "Gibraltar ChallWk1 11th "]
[Site "Gibraltar"]
[Date "2013.01.24"]
[Round "4.9"]
[White "Byrn, Carsten"]
[Black "Galvan, Jesus"]
[Result "0-1"]
[WhiteElo "2114"]
[BlackElo "2231"]
[PlyCount "69"]
[EventDate "2013.01.21"]
[EventType "swiss"]
[EventRounds "5"]
[EventCountry "GGB"]
[SourceTitle "BritBase"]
[Source "www.saund.co.uk"]
[SourceDate "2018.02.10"]
[SourceVersion "1"]
[SourceVersionDate "2018.02.10"]
[SourceQuality "1"]

1. d4 Nc6 2. c4 e5 3. d5 Nce7 4. e4 Ng6 5. g3 Bc5 6. Bh3 h5 7. Qe2 h4 8. Be3
Qe7 9. a3 b6 10. Nd2 Ba6 11. b4 Bd6 12. f3 c6 13. Qf2 cxd5 14. cxd5 Rc8 15. Bf1
hxg3 16. hxg3 Rxh1 17. Bxa6 Rc3 18. Kf1 Rc7 19. Kg2 Rh8 20. Ne2 Nf6 21. Nc4 Kf8
22. Bxb6 axb6 23. Qxb6 Ne8 24. Qf2 Qg5 25. Rh1 Nf4+ 26. Nxf4 Rxh1 27. Ng6+ fxg6
28. Kxh1 Rxc4 29. Bxc4 Qc1+ 30. Bf1 Qxa3 31. f4 Nf6 32. fxe5 Bxe5 33. Qc5+ Kg8
34. Qc8+ Kh7 35. Qc1 0-1

[Event "Gibraltar ChallWk1 11th "]
[Site "Gibraltar"]
[Date "2013.01.24"]
[Round "4.10"]
[White "Smith, Andrew Philip"]
[Black "Gromovs, Sergejs"]
[Result "0-1"]
[WhiteElo "2175"]
[BlackElo "2001"]
[PlyCount "101"]
[EventDate "2013.01.21"]
[EventType "swiss"]
[EventRounds "5"]
[EventCountry "GGB"]
[SourceTitle "BritBase"]
[Source "www.saund.co.uk"]
[SourceDate "2018.02.10"]
[SourceVersion "1"]
[SourceVersionDate "2018.02.10"]
[SourceQuality "1"]

1. e4 d6 2. d4 Nf6 3. Nc3 g6 4. Be3 c6 5. Qd2 b5 6. f3 Nbd7 7. a4 b4 8. Nd1 a5
9. Ne2 Ba6 10. Nc1 Bxf1 11. Rxf1 Bg7 12. Kf2 O-O 13. Kg1 Qc7 14. Bh6 Bxh6 15.
Qxh6 c5 16. c3 bxc3 17. bxc3 Rfb8 18. Qd2 Rb7 19. d5 c4 20. Qd4 Qc5 21. Ne2 Rb3
22. Qxc5 dxc5 23. Nc1 Rb7 24. Ne3 Ne5 25. h3 g5 26. g3 e6 27. d6 Kh8 28. Ra2
Rb1 29. Rc2 Rab8 30. f4 gxf4 31. gxf4 Rg8+ 32. Kh2 Ng6 33. e5 Nh5 34. Nxc4
Ngxf4 35. Nxa5 Nd5 36. Nc4 Ra1 37. Ra2 Rb1 38. Ra3 Nhf4 39. a5 Nd3 40. a6 N5f4
41. Ra2 Rxc1 42. Rxf4 Nxf4 43. a7 Rxc3 44. Kh1 Rxh3+ 45. Rh2 Rxh2+ 46. Kxh2 Nd5
47. d7 Rd8 48. Nd6 Kg7 49. Nb7 Ra8 50. d8=Q Rxd8 51. Nxd8 {The remainder of
the scoresheet is illegible} 0-1

[Event "Gibraltar ChallWk1 11th "]
[Site "Gibraltar"]
[Date "2013.01.24"]
[Round "4.11"]
[White "Uran Bermudez, Oliver Kevin"]
[Black "Byron, Alan M"]
[Result "1-0"]
[WhiteElo "2113"]
[BlackElo "2167"]
[PlyCount "75"]
[EventDate "2013.01.21"]
[EventType "swiss"]
[EventRounds "5"]
[EventCountry "GGB"]
[SourceTitle "BritBase"]
[Source "www.saund.co.uk"]
[SourceDate "2018.02.10"]
[SourceVersion "1"]
[SourceVersionDate "2018.02.10"]
[SourceQuality "1"]

1. e4 c5 2. Nf3 Nc6 3. d4 cxd4 4. Nxd4 Nf6 5. Nc3 d6 6. h3 e5 7. Nde2 Be7 8. g4
h6 9. Bg2 a6 10. Be3 b5 11. Qd2 Bb7 12. O-O Rc8 13. Ng3 Na5 14. b3 Qc7 15. Nd5
Bxd5 16. exd5 Nb7 17. c4 bxc4 18. bxc4 Nc5 19. f4 Nfd7 20. Nf5 Bf8 21. fxe5
Nxe5 22. Rae1 h5 23. Bf4 Ncd7 24. Nd4 g6 25. Nc6 Bg7 26. c5 hxg4 27. cxd6 Qxd6
28. Nxe5 Nxe5 29. Bxe5 Bxe5 30. Rxe5+ Qxe5 31. Re1 Qxe1+ 32. Qxe1+ Kd7 33. hxg4
Rhe8 34. Qf1 Re7 35. Qxa6 Re1+ 36. Kf2 Rec1 37. Qf6 Ke8 38. d6 1-0